000 00716nam a2200265Ia 4500
003 OSt
005 20220924131750.0
006 a|||||r|||| 00| 0
007 ta
008 220923b |||||||| |||| 00| 0 urd d
020 _c8.00
024 _a323689
037 _cTextual
040 _aARTS
_cARTS
_burd
041 _2urd
_aurd
082 _aY15:88, 168D8
100 _aHadi Hadi Hussain Au.
_9202818
245 0 _aHijab-un-nisa
260 _aVaransi
_bSyed Ghulam Hussain printer-o-Publishers India
_c1908
300 _a64+8p.
_ccm.
650 _a WOMEN
_928101
650 _aSOCIOLOGY
942 _hY15:88, 168D8
_cTEXL
_2CC
999 _c428125
_d428125